000 00705nam a2200289Ia 4500
005 20260324133452.0
008 008 260324s9999 xx 000 0 eng d
020 _a9780429211553
037 _aEBOOK
040 _aCRL
040 _beng
040 _cCRL
041 _2eng
041 _aeng
084 _qCRL
100 _aWilliam S. Marras; Waldemar Karwowski
_91185295
245 0 _aOccupational Ergonomics
245 0 _bEngineering and Administrative Controls
260 _bTaylor and Francis
260 _c2003
365 _a
365 _b340
856 _uhttp://www.taylorfrancis.com/books/9780429211553
942 _cEBOOK
999 _c1792271
_d1792271